[Event "Ricany op"]
[Site "Ricany"]
[Date "2023.08.27"]
[Round "3"]
[White "Rajnys, Vladimir"]
[Black "Maslo, Ondrej"]
[Result "1-0"]
[WhiteElo "2025"]
[BlackElo "1848"]
[PlyCount "123"]
[EventDate "2023.08.26"]
[EventType "swiss"]
[EventRounds "9"]
[EventCountry "CZE"]
[SourceTitle "EXT 2024"]
[Source "ChessBase"]
[SourceDate "2023.10.10"]
[SourceVersion "1"]
[SourceVersionDate "2023.10.10"]
[SourceQuality "1"]

1. e4 c5 2. Nc3 Nc6 3. g3 g6 4. Bg2 Bg7 5. d3 Nf6 6. Be3 d6 7. h3 0-0 8. Qd2 Qb6 9. Nd1 Re8 10. Bh6 Bxh6 11. Qxh6 d5 12. c3 dxe4 13. dxe4 Ne5 14. Qe3 Rd8 15. Bf1 Qd6 16. f4 Nd3+ 17. Ke2 Bg4+ 18. Nf3 Nxe4 19. Qxe4 Nc1+ 20. Kf2 Bxf3 21. Qxf3 Qxd1 22. Be2 Nd3+ 23. Bxd3 Qxf3+ 24. Kxf3 Rxd3+ 25. Kg4 Rad8 26. Rhe1 e6 27. Re2 Kg7 28. h4 h5+ 29. Kh3 Rf3 30. Rg1 b6 31. Rgg2 Rdd3 32. Rd2 c4 33. Rxd3 cxd3 34. Rd2 Rf1 35. Kg2 Rc1 36. Kf2 Kf6 37. Ke3 Rc2 38. Kxd3 Rxd2+ 39. Kxd2 Kf5 40. Ke3 Kg4 41. Kf2 f6 42. c4 g5 43. fxg5 fxg5 44. hxg5 Kxg5 45. b4 Kf5 46. Ke3 Ke5 47. Kd3 a6 48. a3 a5 49. Ke3 a4 50. Kd3 Kf5 51. Kd4 e5+ 52. Kd5 h4 53. gxh4 e4 54. c5 bxc5 55. bxc5 e3 56. c6 e2 57. c7 e1Q 58. c8Q+ Kf6 59. Qf8+ Kg6 60. Qg8+ Kf6 61. Qg5+ Kf7 62. Qf5+ 1-0

[Event "Ricany op"]
[Site "Ricany"]
[Date "2020.08.28"]
[Round "8"]
[White "Steiner, Juraj"]
[Black "Maslo, Ondrej"]
[Result "1-0"]
[WhiteElo "1953"]
[BlackElo "1834"]
[PlyCount "63"]
[EventDate "2020.08.22"]
[EventType "swiss"]
[EventRounds "9"]
[EventCountry "CZE"]
[SourceTitle "CBM 198 Extra"]
[Source "ChessBase"]
[SourceDate "2020.11.30"]
[SourceVersion "1"]
[SourceVersionDate "2020.11.30"]
[SourceQuality "1"]

1. d4 Nf6 2. c4 e5 3. dxe5 Ng4 4. Bf4 Nc6 5. Nf3 Bb4+ 6. Nbd2 Qe7 7. e3 Ngxe5 8. Be2 d6 9. 0-0 Be6 10. Nd4 Bxd2 11. Nxc6 Nxc6 12. Qxd2 0-0 13. Qc3 Bf5 14. Rfe1 Rfe8 15. Rad1 Rac8 16. Bf1 Ne5 17. e4 Bd7 18. b4 Qh4 19. Qe3 h6 20. Bg3 Qf6 21. Qxa7 Bc6 22. Qd4 Ra8 23. b5 Bd7 24. b6 Rxa2 25. bxc7 Bg4 26. Rd2 Rxd2 27. Qxd2 Rc8 28. c5 dxc5 29. h3 Be6 30. f4 Qg6 31. Kh2 Rxc7 32. Qd8+ 1-0

[Event "Ricany op"]
[Site "Ricany"]
[Date "2020.08.25"]
[Round "5"]
[White "Maslo, Ondrej"]
[Black "Horak, Jan"]
[Result "0-1"]
[WhiteElo "1834"]
[BlackElo "2029"]
[PlyCount "70"]
[EventDate "2020.08.22"]
[EventType "swiss"]
[EventRounds "9"]
[EventCountry "CZE"]
[SourceTitle "CBM 198 Extra"]
[Source "ChessBase"]
[SourceDate "2020.11.30"]
[SourceVersion "1"]
[SourceVersionDate "2020.11.30"]
[SourceQuality "1"]

1. e4 c5 2. c3 g6 3. d4 cxd4 4. cxd4 d5 5. e5 Nc6 6. Nc3 h5 7. h3 Nh6 8. Nf3 Nf5 9. Bb5 Bg7 10. 0-0 e6 11. Bg5 Qb6 12. b4 0-0 13. Bxc6 bxc6 14. Rb1 a5 15. a3 axb4 16. Rxb4 Qc7 17. Qb3 Ba6 18. Re1 Bc4 19. Qb2 Ra7 20. Rb1 Rfa8 21. Rb8+ Rxb8 22. Qxb8+ Qxb8 23. Rxb8+ Kh7 24. a4 Nxd4 25. Nxd4 Bxe5 26. Nxc6 Bxb8 27. Nxa7 Bxa7 28. a5 Kg7 29. Na4 f6 30. Bd2 Kf7 31. Bb4 Ba6 32. g3 Bb7 33. Kf1 e5 34. f4 Ke6 35. fxe5 fxe5 0-1

[Event "Ricany op-A"]
[Site "Ricany"]
[Date "2017.09.02"]
[Round "9"]
[White "Kylar, Miroslav"]
[Black "Maslo, Ondrej"]
[Result "1/2-1/2"]
[WhiteElo "1899"]
[BlackElo "1744"]
[PlyCount "91"]
[EventDate "2017.08.26"]
[EventType "swiss"]
[EventRounds "9"]
[EventCountry "CZE"]
[SourceTitle "CBM 180 Extra"]
[Source "ChessBase"]
[SourceDate "2017.10.06"]
[SourceVersion "1"]
[SourceVersionDate "2017.10.06"]
[SourceQuality "1"]

1. d4 d5 2. Bf4 Nf6 3. e3 Bf5 4. c3 Nbd7 5. Nf3 e6 6. h3 Nb6 7. Nbd2 Bd6 8. Ne5 0-0 9. Ndf3 Ne4 10. g4 Bg6 11. Nxg6 fxg6 12. Bxd6 cxd6 13. Bg2 Nc4 14. b3 Ncd2 15. Nxd2 Nxf2 16. Qc2 Qh4 17. Nf3 Rxf3 18. Bxf3 Nxh1+ 19. Kd2 Rf8 20. Rxh1 Rxf3 21. Rh2 Rxh3 22. Rg2 Rg3 23. Kd3 Qxg4 24. Rxg3 Qxg3 25. c4 Qg5 26. cxd5 Qf5+ 27. e4 Qh3+ 28. Kc4 exd5+ 29. Kxd5 Qd7 30. e5 dxe5+ 31. Kxe5 Kf8 32. d5 Ke8 33. Qg2 Qf5+ 34. Kd6 Qd7+ 35. Ke5 Qe7+ 36. Kd4 Qh4+ 37. Kc5 Qf6 38. Qh2 Qb6+ 39. Kc4 h5 40. Qe5+ Kf7 41. d6 Qc6+ 42. Kd4 Qd7 43. Qd5+ Kf8 44. Qf3+ Qf7 45. Qg3 Qf6+ 46. Kc4 1/2-1/2

[Event "Ricany op-A"]
[Site "Ricany"]
[Date "2017.08.29"]
[Round "5"]
[White "Maslo, Ondrej"]
[Black "Hampel, Rudolf"]
[Result "1-0"]
[WhiteElo "1744"]
[BlackElo "1772"]
[PlyCount "53"]
[EventDate "2017.08.26"]
[EventType "swiss"]
[EventRounds "9"]
[EventCountry "CZE"]
[SourceTitle "CBM 180 Extra"]
[Source "ChessBase"]
[SourceDate "2017.10.06"]
[SourceVersion "1"]
[SourceVersionDate "2017.10.06"]
[SourceQuality "1"]

1. e4 c5 2. c3 Nf6 3. e5 Nd5 4. d4 cxd4 5. Nf3 Nc6 6. cxd4 d6 7. exd6 Qxd6 8. Nc3 g6 9. Bc4 Nb6 10. Bb3 Bg7 11. 0-0 0-0 12. Nb5 Qd8 13. Bf4 a6 14. Bc7 Qd7 15. Bxb6 axb5 16. Rc1 Ra6 17. Bc5 b6 18. Ba3 Bb7 19. d5 Ne5 20. Nxe5 Bxe5 21. Re1 Bf6 22. d6 exd6 23. Qxd6 Qxd6 24. Bxd6 Rc8 25. Rxc8+ Bxc8 26. Re8+ Kg7 27. Bf8+ 1-0

[Event "Ricany op-A"]
[Site "Ricany"]
[Date "2017.08.28"]
[Round "4"]
[White "Vlkova, Anezka"]
[Black "Maslo, Ondrej"]
[Result "1-0"]
[WhiteElo "1914"]
[BlackElo "1744"]
[PlyCount "45"]
[EventDate "2017.08.26"]
[EventType "swiss"]
[EventRounds "9"]
[EventCountry "CZE"]
[SourceTitle "CBM 180 Extra"]
[Source "ChessBase"]
[SourceDate "2017.10.06"]
[SourceVersion "1"]
[SourceVersionDate "2017.10.06"]
[SourceQuality "1"]

1. e4 c5 2. Nc3 Nc6 3. g3 g6 4. Bg2 Bg7 5. d3 Nf6 6. f4 d6 7. Nf3 0-0 8. 0-0 Nd4 9. h3 e6 10. g4 Rb8 11. Be3 Nxf3+ 12. Qxf3 Nd7 13. Qg3 b5 14. f5 Qa5 15. h4 b4 16. Ne2 h6 17. Nf4 exf5 18. gxf5 Kh8 19. Nd5 Bf6 20. Qf4 Bxh4 21. Qxh6+ Kg8 22. f6 Nxf6 23. Rxf6 1-0

[Event "Ricany op-A"]
[Site "Ricany"]
[Date "2017.08.27"]
[Round "3"]
[White "Pavlicek, Petr"]
[Black "Maslo, Ondrej"]
[Result "1-0"]
[WhiteElo "1923"]
[BlackElo "1744"]
[PlyCount "111"]
[EventDate "2017.08.26"]
[EventType "swiss"]
[EventRounds "9"]
[EventCountry "CZE"]
[SourceTitle "CBM 180 Extra"]
[Source "ChessBase"]
[SourceDate "2017.10.06"]
[SourceVersion "1"]
[SourceVersionDate "2017.10.06"]
[SourceQuality "1"]

1. e4 c5 2. Nf3 Nc6 3. d4 cxd4 4. Nxd4 g6 5. c4 Bg7 6. Be3 Nf6 7. Nc3 0-0 8. Be2 d6 9. 0-0 Nxd4 10. Bxd4 Be6 11. Rc1 Nd7 12. Bxg7 Kxg7 13. Qd4+ Kg8 14. Rfd1 a5 15. b3 Nc5 16. e5 Ra6 17. Nb5 Qb6 18. exd6 exd6 19. Qxd6 Qxd6 20. Rxd6 Rxd6 21. Nxd6 b6 22. Rd1 Rd8 23. Nb5 Re8 24. Kf1 Bd7 25. Nc7 Re5 26. Nd5 Bc6 27. Nc3 Ne4 28. Nxe4 Bxe4 29. f3 Bf5 30. Rd6 Re6 31. Rxe6 Bxe6 32. Kf2 Kf8 33. Ke3 Ke7 34. Kd4 Kd6 35. a3 f6 36. b4 axb4 37. axb4 Kc6 38. f4 h5 39. h4 Bd7 40. Bd3 Be8 41. Be4+ Kc7 42. Bc2 Kd6 43. c5+ bxc5+ 44. bxc5+ Kc7 45. Bb3 Kd8 46. g3 Kc7 47. Bg8 Kc6 48. Kc4 Bd7 49. Bf7 Bf5 50. Be8+ Kc7 51. Kd5 Kd8 52. Bb5 Kc7 53. Ba4 Bg4 54. Bc2 f5 55. Ba4 Be2 56. Ke6 1-0

[Event "Ricany op-A"]
[Site "Ricany"]
[Date "2017.08.26"]
[Round "1"]
[White "Rastocny, Josef"]
[Black "Maslo, Ondrej"]
[Result "1-0"]
[WhiteElo "2008"]
[BlackElo "1744"]
[PlyCount "87"]
[EventDate "2017.08.26"]
[EventType "swiss"]
[EventRounds "9"]
[EventCountry "CZE"]
[SourceTitle "CBM 180 Extra"]
[Source "ChessBase"]
[SourceDate "2017.10.06"]
[SourceVersion "1"]
[SourceVersionDate "2017.10.06"]
[SourceQuality "1"]

1. d4 d5 2. c4 c6 3. Nc3 Nf6 4. Bg5 e6 5. Nf3 h6 6. Bh4 Nbd7 7. e3 dxc4 8. Bxc4 Bb4 9. 0-0 Bxc3 10. bxc3 b5 11. Bd3 0-0 12. a4 bxa4 13. Qxa4 Bb7 14. Rfb1 Nb6 15. Qa3 Qe8 16. Bxf6 gxf6 17. e4 Rc8 18. Qc1 Kh7 19. Qf4 Nd7 20. Nh4 Rg8 21. e5+ Kg7 22. Qe4 f5 23. Qf4 Nb6 24. c4 Qd8 25. Nf3 Qe7 26. Qg3+ Kh7 27. Qh3 Kg7 28. Nh4 Kh7 29. c5 Nd5 30. Bxf5+ exf5 31. Nxf5 Qe6 32. Rxb7 Rg6 33. Ng3 Qe8 34. Qf5 Kg8 35. Ne4 a5 36. Nd6 Ne7 37. Qf4 Nd5 38. Qf5 Qe6 39. Rxf7 Qxf5 40. Rxf5 Rb8 41. h3 Rb2 42. Rxa5 Ne3 43. Ra8+ Kg7 44. Rf7# 1-0

[Event "Ricany op"]
[Site "Ricany"]
[Date "2016.09.03"]
[Round "9"]
[White "Maslo, Ondrej"]
[Black "Hejsek, Lukas"]
[Result "1-0"]
[WhiteElo "1750"]
[BlackElo "1668"]
[PlyCount "95"]
[EventDate "2016.08.27"]
[EventType "swiss"]
[EventRounds "9"]
[EventCountry "CZE"]
[SourceTitle "CBM 174 Extra"]
[Source "ChessBase"]
[SourceDate "2016.10.10"]
[SourceVersion "1"]
[SourceVersionDate "2016.10.10"]
[SourceQuality "1"]

1. e4 c5 2. c3 d5 3. exd5 Qxd5 4. d4 Nc6 5. Nf3 Bg4 6. Be2 Rd8 7. Be3 e6 8. Nbd2 cxd4 9. cxd4 Nf6 10. 0-0 Be7 11. h3 Bh5 12. Bc4 Qd6 13. Qb3 Qb4 14. Bb5 0-0 15. Bxc6 bxc6 16. g4 Bg6 17. Ne5 Qd6 18. Rfc1 Rb8 19. Qa4 Rfc8 20. Nxc6 Ra8 21. Ne5 Qb6 22. Ndc4 Qb4 23. Qa6 Be4 24. Nd2 Rxc1+ 25. Rxc1 Bb7 26. Qc4 Rc8 27. Qxc8+ Bxc8 28. Rxc8+ Bf8 29. Ndc4 Qe7 30. Na5 Nd5 31. Nac6 Qb7 32. Rb8 Qc7 33. Bd2 f6 34. Ba5 Qd6 35. Rd8 fxe5 36. Rxd6 Bxd6 37. dxe5 Bc5 38. b4 Bf8 39. Nxa7 Nxb4 40. Bxb4 Bxb4 41. Nc6 Ba3 42. Nd8 Bb2 43. f4 Bc1 44. Nxe6 Kf7 45. f5 Bb2 46. Ng5+ Ke7 47. e6 h6 48. Ne4 1-0

[Event "Mlada Boleslav Region-ch U20"]
[Site "Mlada Boleslav"]
[Date "2012.06.24"]
[Round "5"]
[White "Maslo, Ondrej"]
[Black "Dvorak, Lukas"]
[Result "1-0"]
[WhiteElo "1485"]
[BlackElo "1655"]
[PlyCount "27"]
[EventDate "2012.06.23"]
[EventType "swiss"]
[EventRounds "7"]
[EventCountry "CZE"]
[SourceTitle "EXT 2014"]
[Source "ChessBase"]
[SourceDate "2013.11.20"]
[SourceVersion "1"]
[SourceVersionDate "2013.11.20"]
[SourceQuality "1"]

1. e4 e5 2. Nc3 Nf6 3. f4 exf4 4. e5 Ng8 5. Nf3 h6 6. d4 g5 7. h3 Bg7 8. Bc4 f6 9. b3 fxe5 10. Nxe5 Bxe5 11. Qh5+ Ke7 12. Qf7+ Kd6 13. Ne4+ Kc6 14. Qd5+ 1-0

[Event "Mlada Boleslav Region-ch U20"]
[Site "Mlada Boleslav"]
[Date "2012.06.24"]
[Round "6"]
[White "Maslo, Ondrej"]
[Black "Pycha, Patrik"]
[Result "0-1"]
[WhiteElo "1485"]
[BlackElo "1886"]
[PlyCount "70"]
[EventDate "2012.06.23"]
[EventType "swiss"]
[EventRounds "7"]
[EventCountry "CZE"]
[SourceTitle "EXT 2014"]
[Source "ChessBase"]
[SourceDate "2013.11.20"]
[SourceVersion "1"]
[SourceVersionDate "2013.11.20"]
[SourceQuality "1"]

1. e4 e6 2. d4 d5 3. exd5 exd5 4. Nf3 Bd6 5. Bd3 Bg4 6. Be3 Ne7 7. Nbd2 Nbc6 8. a3 Qd7 9. Qe2 0-0-0 10. h3 Bh5 11. b4 Rde8 12. 0-0 Bg6 13. Rfb1 Nf5 14. Nf1 Ncxd4 15. Nxd4 Nxd4 16. Qd2 Nf5 17. Bxa7 Be5 18. Ra2 Qd6 19. Bc5 Qf6 20. Rb3 d4 21. b5 b6 22. Bb4 Nh4 23. a4 Bf4 24. Qd1 Re5 25. g3 Bh5 26. g4 Rhe8 27. gxh5 Rg5+ 28. Kh1 Qe6 29. Bxh7 Qd5+ 30. f3 Rxh5 31. Be4 Rxe4 32. Nh2 Bxh2 33. Kxh2 Qe5+ 34. Kh1 Re2 35. c4 Qh2# 0-1

[Event "CZE Czechia-ch U12"]
[Site "Harrachov"]
[Date "2009.10.27"]
[Round "5"]
[White "Maslo, Ondrej"]
[Black "Liska, Jiri2222"]
[Result "0-1"]
[WhiteElo "1000"]
[BlackElo "1551"]
[PlyCount "90"]
[EventDate "2009.10.24"]
[EventType "swiss"]
[EventRounds "9"]
[EventCountry "CZE"]
[SourceTitle "EXT 2012"]
[Source "ChessBase"]
[SourceDate "2011.11.24"]
[SourceVersion "1"]
[SourceVersionDate "2011.11.24"]
[SourceQuality "1"]

1. e4 d5 2. exd5 Qxd5 3. Nc3 Qa5 4. d4 Nf6 5. Nf3 Nc6 6. Bf4 Bg4 7. Be2 0-0-0 8. h3 Bxf3 9. Bxf3 Nxd4 10. 0-0 Nxf3+ 11. Qxf3 e6 12. a3 Qh5 13. Qe3 Bc5 14. Qg3 Bd6 15. Bxd6 Rxd6 16. Qxg7 Qg6 17. Qxg6 hxg6 18. Rfd1 Rhd8 19. Rxd6 Rxd6 20. Rd1 Rxd1+ 21. Nxd1 Kd7 22. Kf1 Kd6 23. Ke2 Ke5 24. Ke3 Nd5+ 25. Kd3 Nf4+ 26. Ke3 Nxg2+ 27. Kf3 Nf4 28. h4 f6 29. b3 Nd5 30. a4 Kd4 31. Ke2 Nc3+ 32. Nxc3 Kxc3 33. Kd1 c5 34. f3 c4 35. bxc4 Kxc4 36. Kd2 Kb4 37. Kd3 Kxa4 38. Kc4 b6 39. f4 a6 40. c3 Ka3 41. Kd4 Kb3 42. Kd3 a5 43. Kd4 a4 44. Kd3 a3 45. Kd2 a2 0-1